000 00366 a2200157 4500
001 152776
040 _cEscola São Tomás de Aquino
100 _aSAINT-EXUPÈRY, Antoine de
240 1 0 _aO pequeno príncipe
_lpor
245 1 0 _aO pequeno príncipe
300 _a132
362 0 _a2016
440 1 _aFTD
697 _a*LITERATURA INFANTO JUVENIL
942 _cBK
999 _c152776
_d152776